Essays in American diplomacy / (Record no. 42190)
[ view plain ]
| 000 -LEADER | |
|---|---|
| fixed length control field | 02018cam a2200265 4500 |
| 001 - CONTROL NUMBER | |
| control field | 42190 |
| 003 - CONTROL NUMBER IDENTIFIER | |
| rucl marc code | BD-RjUL |
| 005 - DATE AND TIME OF LATEST TRANSACTION | |
| control field | 20211209053515.0 |
| 008 - FIXED-LENGTH DATA ELEMENTS--GENERAL INFORMATION | |
| fixed length control field | 160611s1967 nyu 000 0 eng |
| 035 ## - SYSTEM CONTROL NUMBER | |
| System control number | (OCoLC)ocm02936962 |
| System control number | (BD-RjUL)42308 |
| System control number | (NNC)1207749 |
| 040 ## - CATALOGING SOURCE | |
| Original cataloging agency | DLC |
| Transcribing agency | CWR |
| Modifying agency | SER |
| -- | m.c. |
| -- | OCL |
| -- | ZCU |
| -- | (BD-RjUL) |
| Language of cataloging | eng |
| 041 ## - LANGUAGE CODE | |
| Language code of text/sound track or separate title | eng |
| 082 ## - DEWEY DECIMAL CLASSIFICATION NUMBER | |
| Classification number | 327.73 |
| Author mark and year | RAE 1967 |
| 100 1# - MAIN ENTRY--PERSONAL NAME | |
| Personal name | Rappaport, Armin, |
| 9 (RLIN) | 129751 |
| 245 10 - TITLE STATEMENT | |
| Title | Essays in American diplomacy / |
| Statement of responsibility, etc. | Armin Rappaport |
| 260 ## - PUBLICATION, DISTRIBUTION, ETC. (IMPRINT) | |
| Place of publication, distribution, etc. | New York : |
| Name of publisher, distributor, etc. | Macmillan, |
| Date of publication, distribution, etc. | 1967 |
| 300 ## - PHYSICAL DESCRIPTION | |
| Pagination | x, 331 p. : |
| Size | 24 cm. |
| 500 ## - GENERAL NOTE | |
| General note | --Wilson the diplomatist, by A. S. Link.--The legend of isolationism in the 1920's, by W. A. Williams.--The Stimson doctrine and the Hoover doctrine, by R. N. Current.--The President and the quarantine speech, by D. Borg.--History through a beard, by S. E. Morison.--Reflections of the Yalta papers, by R. J. Sontag.--How the cold war began, by S. Lynd.--The illusion of American omnipotence, by D. Brogan.--On dealing with the Communist world, by G. F. Kennan. |
| 505 0# - FORMATTED CONTENTS NOTE | |
| Formatted contents note | Colonial origins of American diplomatic principles, by M. Savelle.--The Jay treaty: the origins of the American party system, by J. Charles.--South Carolina--A protagonist of the War of 1812, by M. K. Latimer.--The Age of Mercantilism: an interpretation of the American political economy, 1763-1828, by W. A. Williams.--Manifest destiny--an emotion, by E. D. Adams.--The failure of Polk's Mexican War intrigue of 1845, by R. R. Stenberg.--Northern diplomacy and European neutrality, by N. A. Graebner.--A new approach to the origins of Blaine's Pan American policy, by R. H. Bastert.--Cuba, the Philippines, and manifest destiny, by R. Hofstadter.--Progressivism and imperialism: the Progressive movement and American foreign policy, 1898-1916, by W. E. Leuchtenburg.--The changing concept of the Open Door, 1899-1910, by R. A. Esthus. |
| 651 #0 - SUBJECT ADDED ENTRY--GEOGRAPHIC NAME | |
| Geographic name | United States |
| General subdivision | Foreign relations. |
| 9 (RLIN) | 129752 |
| 942 ## - ADDED ENTRY ELEMENTS (KOHA) | |
| Source of classification or shelving scheme | Dewey Decimal Classification |
| Koha item type | Books |
| Lost status | Source of classification or shelving scheme | Damaged status | Not for loan | Collection code | Permanent Location | Current Location | Shelving location | Date acquired | Source of acquisition | Cost, normal purchase price | Total Checkouts | Full call number | Date last seen | Copy number | Koha item type |
|---|---|---|---|---|---|---|---|---|---|---|---|---|---|---|---|
| Dewey Decimal Classification | Non-fiction | Central Library, University of Rajshahi | Central Library, University of Rajshahi | 14/08/1972 | paramount BN. | 35.80 | 327.73 RAE 1967 | 11/06/2016 | C-2 | Books |